000 00385nam a2200157Ia 4500
008 241228s9999 xx 000 0 und d
020 _a9781003387879 | 9781032482040
082 _a661.0381 SPE/S
100 _aSpellman, Frank R.
245 4 _aThe Science of Lithium
260 _aBoca Raton,
260 _bCRC Press,
260 _c2024
300 _axxxiiii, 287p.
942 _cBK
999 _c40119
_d40119